000 01079nam a22002417a 4500
999 _c64522
_d64522
005 20240530110736.0
008 180716s1989 ua f g 000 0 ara d
017 _a1988/8106
_bمصر. دار الكتب
020 _a977012009x
040 _aEG-CaGPL
_cEG-CaGPL
082 0 4 _221
_a190 /
_bب ف
100 1 _aباومر، فرانكلين - ل.
245 1 2 _aالفكر الاوربى الحديث :
_bالاتصال والتغير فى الافكار من 1600 - 1950.
_nالجزء الثالث،
_pالقرن التاسع عشر /
_cتاليف فرانكلين - ل - باومر ؛ ترجمة احمد حمدى محمود
260 _aالقاهرة :
_bالهيئة المصرية العامة للكتاب ،
_c1989.
300 _a175 ص. :
_bلوحات ؛
_c24 سم.
490 0 _aالالف كتاب الثانى ؛
_v61.
650 0 7 _2qrmak
_aالفلسفة الحديثة
650 0 7 _2qrmak
_aالفلسفة الغربية
651 _2qrmak
700 0 _aاحمد حمدى محمود
_eمترجم
942 _2ddc
_cBK